000 00763nam a2200205 a 4500
005 20250617063818.0
008 991125s1980 mx 000 0 spa u
035 _aUPN01000003765
049 _aF
050 4 _aHT395 M6
_bI53 no.2
110 1 _aMéxico.
_bSecretaría de Desarrollo Urbano y Ecología
_928179
245 1 3 _aLa aplicación del procedimiento de impacto ambiental en la evaluación de actividades con elevado potencial de riesgo /
_cSecretaría de Desarrollo Urbano y Ecología.
260 _aMéxico :
_bSEDUE,
_c[198-].
300 _a16 p
440 0 _aImpacto ambiental ;
_v2
650 4 _aOCUPACIONES PELIGROSAS
_911199
650 4 _aPlanificación regional
_zMéxico
_xHistoria
_91119
650 4 _aZONIFICACION -
_zMEXICO
_911201
905 _aLibro
999 _c3765
_d3765